Bloons TD 6 - All 5th Tier Names - Statistics

General Stats
  • This quiz has been taken 1,232 times
  • The average score is 45 of 66
Answer Stats
Tower Answer % Correct
Dart Crossbow Master
93%
Dart Ultra Juggernaut
89%
Dart Plasma Monkey Fan Club
87%
Boomerang Glaive Lord
85%
Tack The Tack Zone
83%
Tack Inferno Ring
79%
Dartling M.A.D.
79%
Sniper Elite Defender
77%
Super True Sun God
77%
Bomb MOAB Eliminator
76%
Boomerang Perma Charge
76%
Dartling Ray of Doom
76%
Sniper Elite Sniper
75%
Boomerang MOAB Domination
75%
Bomb Bomb Blitz
74%
Sniper Cripple MOAB
74%
Glue Glue Storm
74%
Alchemist Permanent Brew
74%
Spike Perma-Spike
74%
Glue The Bloon Solver
74%
Bomb Bloon Crush
73%
Buccaneer Pirate Lord
73%
Mortar The Biggest One
73%
Ace Flying Fortress
72%
Ace Tsar Bomba
72%
Ice Absolute Zero
71%
Wizard Prince of Darkness
71%
Sub Sub Commander
71%
Ice Super Brittle
71%
Glue Super Glue
71%
Super Legend of the Night
70%
Heli Apache Prime
69%
Wizard Archmage
69%
Sub Energizer
69%
Ninja Master Bomber
68%
Ice Icicle Impale
67%
Alchemist Bloon Master Alchemist
66%
Tack Super Maelstrom
66%
Ninja Grandmaster Ninja
65%
Ace Sky Shredder
65%
Druid Spirit of the Forest
65%
Engineer Ultraboost
65%
Dartling Bloon Exclusion Zone
64%
Banana Monkey Wall Street
64%
Village Primary Expertise
64%
Super The Anti-Bloon
64%
Buccaneer Trade Empire
64%
Engineer XXXL Trap
64%
Spike Carpet of Spikes
63%
Spike Super Mines
63%
Druid Avatar of Wrath
62%
Village Monkeyopolis
62%
Mortar Pop and Awe
62%
Wizard Wizard Lord Phoenix
62%
Mortar Blooncineration
61%
Engineer Sentry Champion
61%
Banana Banana Central
60%
Sub Pre-Emptive Strike
60%
Druid Superstorm
60%
Buccaneer Carrier Flagship
58%
Heli Comanche Commander
57%
Village Homeland Defense
57%
Alchemist Total Transformation
57%
Ninja Grand Saboteur
56%
Banana Monkey-Nomics
54%
Heli Special Poperations
53%
No matching quizzes found
Score Distribution
Percent of People with Each Score
Percentile by Number Answered
Your Score History
You have not taken this quiz